[Event "GER-chT U20"]
[Site "Kelheim"]
[Date "2007.12.29"]
[Round "5.4"]
[White "Haense, Felix"]
[Black "Schehl, Michael"]
[Result "1-0"]
[WhiteElo "1727"]
[BlackElo "1830"]
[PlyCount "83"]
[EventDate "2007.12.27"]
[EventType "team-swiss"]
[EventRounds "7"]
[EventCountry "GER"]
[SourceTitle "EXT 2022"]
[Source "ChessBase"]
[SourceDate "2021.10.06"]
[SourceVersion "1"]
[SourceVersionDate "2021.10.06"]
[SourceQuality "1"]
[WhiteTeam "Leipzig Gohlis U20"]
[BlackTeam "Koeln Muelheim U20"]
[WhiteTeamCountry "GER"]
[BlackTeamCountry "GER"]

1. Nf3 d5 2. g3 Nf6 3. Bg2 c6 4. 0-0 Bf5 5. d3 Bg6 6. Ne5 Nbd7 7. Nxg6 hxg6 8. e4 dxe4 9. dxe4 e6 10. Nc3 Bc5 11. Na4 Be7 12. Be3 Ne5 13. Bd4 Ned7 14. e5 Nd5 15. c4 N5b6 16. Qb3 Nxa4 17. Qxa4 Nc5 18. Bxc5 Bxc5 19. Bxc6+ Kf8 20. Bxb7 Rb8 21. Qc6 Qd4 22. Qc7 Rd8 23. Rad1 Qxd1 24. Qxc5+ Kg8 25. Rxd1 Rxd1+ 26. Kg2 Rd2 27. Qb4 Rd7 28. c5 f5 29. c6 Rf7 30. Qd6 Kh7 31. c7 Rff8 32. Qxf8 Rxf8 33. c8Q Rxc8 34. Bxc8 g5 35. Bxe6 Kg6 36. f4 a5 37. b3 Kh5 38. Bxf5 g6 39. e6 gxf5 40. e7 gxf4 41. e8Q+ Kg4 42. Qg6# 1-0

[Event "GER-chT U20"]
[Site "Kelheim"]
[Date "2007.12.29"]
[Round "6.4"]
[White "Schehl, Michael"]
[Black "Singer, Michael"]
[Result "1/2-1/2"]
[WhiteElo "1830"]
[BlackElo "1773"]
[PlyCount "77"]
[EventDate "2007.12.27"]
[EventType "team-swiss"]
[EventRounds "7"]
[EventCountry "GER"]
[SourceTitle "EXT 2022"]
[Source "ChessBase"]
[SourceDate "2021.10.06"]
[SourceVersion "1"]
[SourceVersionDate "2021.10.06"]
[SourceQuality "1"]
[WhiteTeam "Koeln Muelheim U20"]
[BlackTeam "Kelheim SK U20"]
[WhiteTeamCountry "GER"]
[BlackTeamCountry "GER"]

1. d4 d5 2. Nf3 e6 3. Bf4 Be7 4. e3 f5 5. c3 Nf6 6. Nbd2 Nbd7 7. Bd3 0-0 8. Ne5 c5 9. h3 Nxe5 10. Bxe5 Bd7 11. f4 Ne4 12. Bxe4 fxe4 13. 0-0 cxd4 14. Bxd4 Qe8 15. Nb3 Qg6 16. Qg4 Qxg4 17. hxg4 Bb5 18. Rf2 Bh4 19. g3 Be7 20. Nc5 Bxc5 21. Bxc5 Rf7 22. Bd6 Rc8 23. Rd1 Rc6 24. Be5 Bd3 25. g5 g6 26. Rdd2 b5 27. Rh2 Rb6 28. Rh6 Rbb7 29. Rdh2 Kf8 30. Kf2 Ke8 31. Ke1 Kd8 32. Kd1 Kc8 33. Kc1 Rbd7 34. b4 Kb7 35. Kb2 Bc4 36. Rh1 a6 37. a3 Kc8 38. Ra1 Kb7 39. Rhh1 1/2-1/2

[Event "GER-chT U20"]
[Site "Berlin"]
[Date "2005.12.29"]
[Round "6.6"]
[White "Schehl, Michael"]
[Black "Becker, Johannes"]
[Result "1-0"]
[WhiteElo "1653"]
[BlackElo "1744"]
[PlyCount "49"]
[EventDate "2005.12.27"]
[EventType "team-swiss"]
[EventRounds "7"]
[EventCountry "GER"]
[SourceTitle "EXT 2022"]
[Source "ChessBase"]
[SourceDate "2021.10.06"]
[SourceVersion "1"]
[SourceVersionDate "2021.10.06"]
[SourceQuality "1"]
[WhiteTeam "Porz SG U20"]
[BlackTeam "Heilbronn U20"]
[WhiteTeamCountry "GER"]
[BlackTeamCountry "GER"]

1. d4 Nf6 2. Nf3 c5 3. e3 e6 4. Bd3 b6 5. c3 Bb7 6. Nbd2 Nc6 7. 0-0 Be7 8. Re1 d6 9. e4 cxd4 10. Nxd4 Nd7 11. Qh5 g6 12. Qh3 Nce5 13. Bc2 h5 14. f4 Ng4 15. Bd1 Bf6 16. Nc4 Bxd4+ 17. cxd4 Qc7 18. Bxg4 Qxc4 19. d5 Qd4+ 20. Be3 Qxb2 21. dxe6 hxg4 22. exd7+ Kf8 23. Qxg4 Bxe4 24. Rad1 Bf5 25. Qf3 1-0

[Event "GER-chT U20"]
[Site "Berlin"]
[Date "2005.12.27"]
[Round "2.6"]
[White "Schehl, Michael"]
[Black "Jovanovic, Valter"]
[Result "1/2-1/2"]
[WhiteElo "1653"]
[BlackElo "1573"]
[PlyCount "39"]
[EventDate "2005.12.27"]
[EventType "team-swiss"]
[EventRounds "7"]
[EventCountry "GER"]
[SourceTitle "EXT 2022"]
[Source "ChessBase"]
[SourceDate "2021.10.06"]
[SourceVersion "1"]
[SourceVersionDate "2021.10.06"]
[SourceQuality "1"]
[WhiteTeam "Porz SG U20"]
[BlackTeam "Koeln Muelheim U20"]
[WhiteTeamCountry "GER"]
[BlackTeamCountry "GER"]

1. d4 d5 2. Nf3 Nf6 3. Bf4 Bf5 4. e3 e6 5. Bd3 Bxd3 6. Qxd3 Bd6 7. Bg3 0-0 8. Nbd2 Nbd7 9. e4 dxe4 10. Nxe4 Nxe4 11. Qxe4 Nf6 12. Qd3 Re8 13. 0-0 Bxg3 14. hxg3 Rc8 15. c3 c5 16. Rfe1 Qb6 17. Qe2 h6 18. Rad1 cxd4 19. Rxd4 Qa5 20. a3 1/2-1/2

[Event "NRW U18 op"]
[Site "Olpe"]
[Date "2005.10.01"]
[Round "2.19"]
[White "Schehl, Michael"]
[Black "Kelbling, Philipp"]
[Result "1/2-1/2"]
[WhiteElo "1571"]
[BlackElo "1732"]
[PlyCount "48"]
[EventDate "2005.10.01"]
[EventType "swiss"]
[EventRounds "7"]
[EventCountry "GER"]
[SourceTitle "CBM 108 Extra"]
[Source "ChessBase"]
[SourceDate "2005.11.04"]
[SourceVersion "1"]
[SourceVersionDate "2005.11.04"]
[SourceQuality "1"]

1. d4 Nf6 2. Nf3 e6 3. Bf4 c5 4. c3 d5 5. e3 Nc6 6. Bd3 Be7 7. Nbd2 a6 8. 0-0 0-0 9. Re1 Nh5 10. Bg3 Nxg3 11. hxg3 b6 12. Qe2 Bf6 13. Nh4 Bb7 14. f4 Re8 15. Ndf3 g6 16. Qf2 Ne7 17. g4 Nc8 18. g5 Bg7 19. Ne5 Nd6 20. Nhf3 a5 21. Nh2 Ba6 22. Bxa6 Rxa6 23. Nhg4 Nf5 24. Qf3 Ra8 1/2-1/2

[Event "GER-chT U16"]
[Site "Dittrichshuette"]
[Date "2004.12.30"]
[Round "6"]
[White "Schehl, Michael"]
[Black "Geshnizjani, Ramin Tobias"]
[Result "0-1"]
[WhiteElo "1401"]
[BlackElo "1806"]
[PlyCount "108"]
[EventDate "2004.12.27"]
[EventType "team"]
[EventRounds "6"]
[EventCountry "GER"]
[SourceTitle "EXT 2006"]
[Source "ChessBase"]
[SourceDate "2005.11.24"]
[SourceVersion "1"]
[SourceVersionDate "2005.11.24"]
[SourceQuality "1"]

1. d4 d5 2. Nf3 Nf6 3. Bf4 Bf5 4. e3 e6 5. Bd3 Bg6 6. c3 Be7 7. Bc2 Nbd7 8. Nbd2 c5 9. 0-0 0-0 10. Re1 Rc8 11. Bxg6 hxg6 12. Rc1 cxd4 13. exd4 b5 14. h3 Qb6 15. b4 a5 16. a3 a4 17. Ne5 Nxe5 18. Bxe5 Rc6 19. Qe2 Rfc8 20. Nb1 Ne4 21. Qb2 Bh4 22. g3 Bg5 23. Bf4 Bxf4 24. gxf4 Qc7 25. f3 Nxc3 26. Re3 Ne2+ 27. Rxe2 Rxc1+ 28. Kf2 Rc2 29. Rxc2 Qxc2+ 30. Qxc2 Rxc2+ 31. Ke3 Kf8 32. Kd3 Rc4 33. Nc3 Rxc3+ 34. Kxc3 Ke7 35. Kd3 Kf6 36. Ke2 Kf5 37. Ke3 g5 38. fxg5 Kxg5 39. f4+ Kh4 40. Kf3 Kxh3 41. f5 g5 42. fxg6 fxg6 43. Kf4 Kh4 44. Ke5 g5 45. Kxe6 g4 46. Kxd5 g3 47. Kc5 g2 48. Kxb5 g1Q 49. Kxa4 Qxd4 50. Kb3 Kg5 51. b5 Kf6 52. a4 Ke6 53. a5 Kd6 54. a6 Kc7 0-1

[Event "GER-chT U16"]
[Site "Dittrichshuette"]
[Date "2004.12.29"]
[Round "4"]
[White "Segeritz, Philipp"]
[Black "Schehl, Michael"]
[Result "1-0"]
[WhiteElo "1572"]
[BlackElo "1401"]
[PlyCount "60"]
[EventDate "2004.12.27"]
[EventType "team"]
[EventRounds "6"]
[EventCountry "GER"]
[SourceTitle "EXT 2006"]
[Source "ChessBase"]
[SourceDate "2005.11.24"]
[SourceVersion "1"]
[SourceVersionDate "2005.11.24"]
[SourceQuality "1"]

1. e4 d5 2. exd5 Qxd5 3. Nc3 Qa5 4. Bc4 c6 5. d4 Nf6 6. Nge2 Bf5 7. Bf4 e6 8. a3 Qd8 9. Qd2 Bd6 10. Bg5 h6 11. Bh4 Be7 12. Ng3 g5 13. Nxf5 exf5 14. Bg3 f4 15. 0-0-0 fxg3 16. fxg3 0-0 17. Kb1 b5 18. Bb3 b4 19. axb4 Bxb4 20. h4 Ne4 21. Qe3 Re8 22. Nxe4 Be7 23. Qf3 Rf8 24. hxg5 Bxg5 25. Rh5 Kg7 26. Nxg5 hxg5 27. Rdh1 Nd7 28. Rh7+ Kg8 29. Rh8+ Kg7 30. R1h7+ Kg6 1-0

[Event "Bergisch Gladbach-ch 26th"]
[Site "Bergisch Gladbach"]
[Date "2004.10.15"]
[Round "7"]
[White "Gutt, Stefan"]
[Black "Schehl, Michael"]
[Result "1-0"]
[WhiteElo "1810"]
[BlackElo "1401"]
[PlyCount "43"]
[EventDate "2004.09.??"]
[EventType "swiss"]
[EventRounds "7"]
[EventCountry "GER"]
[SourceTitle "EXT 2005"]
[Source "ChessBase"]
[SourceDate "2004.11.15"]
[SourceVersion "1"]
[SourceVersionDate "2004.11.15"]
[SourceQuality "1"]

1. d4 d5 2. Nf3 c6 3. c4 dxc4 4. Nc3 Nf6 5. e4 Bg4 6. Be3 e6 7. Bxc4 Bb4 8. e5 Ne4 9. Rc1 Nxc3 10. bxc3 Be7 11. 0-0 Bxf3 12. Qxf3 Bg5 13. Rb1 b6 14. Bb5 Bxe3 15. Bxc6+ Nxc6 16. Qxc6+ Kf8 17. fxe3 Rc8 18. Qxe6 Qe8 19. Rxf7+ Qxf7 20. Qxc8+ Qe8 21. Rf1+ Ke7 22. Qc7+ 1-0